000 00809nam a2200205Ii 4500
003 JO-AjNU
008 230605s9999||||xx |||||||||||||| ||und||
040 _aJO-AjNU
_bara
_erda
_cJO-AjNU
041 _aara
050 1 4 _aDS63.6.S8322 2005
100 3 _aالصولي، علي,
_eauthor
_98545
245 0 0 _a الدين و الدولة و المجتمع في مواقف وآثار محمد بيرم الخامس
250 _aط1
264 3 1 _aدمشق: دار الطليعة الجديدة، 2003
300 _a464ص
336 _atext
_btxt
_2rdacontent
337 _aunmediated
_bn
_2rdamedia
338 _avolume
_bnc
_2rdacarrier
650 4 _aبيرم، محمد بني مصطفى، 1840-1889، مساهمتة في الدين ، الاسلام والدولة، تونس- تاريخ- القرن 19
_98546
999 _aA843
_c4411
_d4411